Statistics for Genel Kültür Testi

Click here to take the quiz!

General Stats

  • This quiz has been taken 4 486 times
  • The average score is 4 of 15

Answer Stats

QuestionAnswer% Correct
Suriye'nin başkenti neresidir?Şam
76%
Kıbrıs adası hangi ülkeye daha uzaktır?Mısır
44%
Türkiye Cumhuriyeti'nde Yeşil arka plan üzerine Beyaz yazı ile yazılan plaka hangi tür araçlarda bulunur?Konsolosluk araçları
34%
Osmanlı'da kaç tane "Mustafa" adlı padişah vardı?4
32%
Hangi ülke Avrupa Yayın Birliği'ne üye değildir?Tayland
31%
Türkiye'nin en az ilçeye sahip ili hangisidir?Bayburt
30%
Hangisi 1995 Belarus referandumu konularından değildir?Avrupa Birliği
26%
Beyaz Nil Nehri'nin oluşturduğu sınırda hangi ülke yoktur?Kenya
23%
Hangi ülkede çöl yoktur?Kırgızistan
21%
Hangi ülke parlamenter sistem ile yönetilmemektedir?Endonezya
16%
Hangi ülkenin Nominal GSYİH değeri diğerlerinden yüksektir?Güney Afrika
15%
Hangisi bir Orta Doğu başkenti değildir?Cidde
14%
Ülkemizde gerçekleştirilen 2010 FIBA Dünya Kupası Turnuvası'nda hangi ilimizde maç oynanmıştır?Kayseri
11%
Hangi ülkenin futbolda avrupa şampiyonluğu yoktur?İngiltere
9%
Hangi ülke Portekizce Konuşan ülkeler topluluğunda gözlemci değildir?Bulgaristan
7%

Score Distribution

Percentile by Number Answered

Percent of People with Each Score

Your Score History

You have not taken this quiz